000 00184 a2200097 4500
020 _a9789992467145
041 _aspa
100 _aOrtega Reyes, Oviedo
245 _aMis Ojos
942 _cBK
999 _c4970
_d4970